Economic control

Gorde:
Xehetasun bibliografikoak
Egile nagusia: Fogarty, Michael P.
Formatua: Liburua
Hizkuntza:Undetermined
Argitaratua: London Routledge & Kegan Paul, Ltd. 1955
Gaiak:
Etiketak: Etiketa erantsi
Etiketarik gabe, Izan zaitez lehena erregistro honi etiketa jartzen!
Thư viện lưu trữ: Trung tâm Học liệu Trường Đại học Cần Thơ
LEADER 00453nam a2200169Ia 4500
001 CTU_79552
008 210402s9999 xx 000 0 und d
082 |a 338.91 
082 |b F655 
100 |a Fogarty, Michael P. 
245 0 |a Economic control 
245 0 |c Michael P. Fogarty 
260 |a London 
260 |b Routledge & Kegan Paul, Ltd. 
260 |c 1955 
650 |a Economic policy 
980 |a Trung tâm Học liệu Trường Đại học Cần Thơ